000 00873nam a22002057a 4500
999 _c17942
_d17942
003 BDDh-ASL
005 20231015025647.0
008 200915b1976 ||||| |||| 00| 0 d
040 _aBDDh-ASL
_cBDDh-ASL
_dBDDh-ASL
041 _abengali
082 _a297
_bDIW
245 1 _aদিওয়ানে গওছিয়া/
_cসৈয়দ এ. বি. মাহমুদ হুসেন (অনু:)।
246 _aDiwane Gouchia
260 _aঢাকা:
_bসৈয়দা মালেকা বেগম,
_c১৯৭৬।
300 _a২৩৯ (৬) পৃষ্ঠা:
_c২২ সে. মি.।
500 _aনির্ঘন্ট সংযুক্ত।
650 0 _9764
_aসুফী মতবাদ
_xইসলাম ধর্ম
700 _9763
_aহুসেন, সৈয়দ এ. বি. মাহমুদ
942 _2ddc
_cBK